|
|
|
|
| LEADER |
00000nam a22000007a 4500 |
| 005 |
20210430211539.0 |
| 007 |
cr|||| |||| |
| 008 |
210430s2015 co |||||s|||| 00||0 spa d |
| 020 |
|
|
|a 978-958-665-342-8
|
| 035 |
|
|
|a 33211
|
| 040 |
|
|
|a vLex
|
| 090 |
|
|
|c 11576
|d 11576
|
| 100 |
1 |
|
|a Soares de Moura Costa Matos, Andityas
|
| 245 |
1 |
0 |
|a Filosofa̕ radical y utopa̕
|h [Recurso electrn̤ico] :
|b Inapropiabilidad, an-arqua̕, a-nomia /
|c Andityas Soares de Moura Costa Matos
|
| 256 |
|
|
|a Servicio en ln̕ea
|
| 260 |
|
|
|a Bogot:̀
|b Siglo del Hombre Editores,
|c 2015
|
| 300 |
|
|
|a 1 recurso electrn̤ico
|
| 500 |
|
|
|a Los temas discutidos en este libro se refieren a cuestiones que la -filosofa̕ universitaria- hoy evita. Saber si es posible una comunidad humana sin divisiones verticales entre oprimidos y opresores, as ̕como discutir el papel de la violencia revolucionaria. Del mismo modo, resulta necesario denunciar la naturaleza espectacular del discurso que el orden hace sobre s ̕mismo, sacando a la luz sus fracturas y puntos db̌iles. Desenmascarar la retr̤ica de los derechos humanos universales que, ms̀ que producir transformaciones sociales efectivas, garantiza el contn̕uo mantenimiento del sistema capitalista.
|
| 506 |
1 |
|
|a Disponible solo en los productos indicados
|d vLex Global
|d vLex Global (Academic Edition, excluding Law Schools)
|d vLex Global (U.S. Academic Edition, Law Schools)
|d vLex Global (U.S. Academic Edition, excluding Law Schools)
|d vLex Global (Academic Edition, Law Schools)
|
| 650 |
0 |
4 |
|a Filosofa̕ y religin̤
|z Colombia
|
| 740 |
0 |
|
|a vLex Libros (Servicio en ln̕ea)
|
| 856 |
4 |
0 |
|u https://vlex.com/source/filosofia-radical-y-utopia-inapropiabilidad-an-arquia-a-nomia-33211
|z Acceso restringido
|
| 942 |
|
|
|c BOOK
|
| 999 |
0 |
|
|a Philosophy and religion
|